| 000 | 00498nam a2200145Ia 4500 | ||
|---|---|---|---|
| 008 | 170221s9999 xx 000 0 und d | ||
| 100 | _aAnwar Khan | ||
| 245 | _aPsychometric Testing of Oldenburg Burnout Inventory among Academic Staff in Pakistan | ||
| 245 | _cAnwar Khan, Rosman Bin Md Yusoff | ||
| 260 | _bInternational Review of Management and Marketing | ||
| 260 | _c2016 | ||
| 300 | _a15 : 14 | ||
| 650 | _xMarketing. | ||
| 856 | _uhttp://www.econjournals.com/index.php/irmm/issue/view/88 | ||
| 999 |
_c312225 _d312225 |
||